Planning policy statement (Record no. 109521)

MARC details
000 -LEADER
fixed length control field 01671cad a22002535a 4500
001 - CONTROL NUMBER
control field L147366
008 - FIXED-LENGTH DATA ELEMENTS--GENERAL INFORMATION
fixed length control field 090506e20090505xxk f f000 0 eng d
020 ## - INTERNATIONAL STANDARD BOOK NUMBER
International Standard Book Number 9781409814085
035 ## - SYSTEM CONTROL NUMBER
System control number (Sirsi) u147366
041 0# - LANGUAGE CODE
Language code of text/sound track or separate title eng
050 04 - LIBRARY OF CONGRESS CALL NUMBER
Classification number 711.1 $2 18
110 2# - MAIN ENTRY--CORPORATE NAME
Corporate name or jurisdiction name as entry element United Kingdom
Subordinate unit Department for Communities and Local Government
9 (RLIN) 4939
245 00 - TITLE STATEMENT
Title Planning policy statement
Remainder of title consultation paper on a new planning policy statement 4 : planning for prosperous economies
Medium [electronic resource]
260 ## - PUBLICATION, DISTRIBUTION, ETC.
Place of publication, distribution, etc. London
Name of publisher, distributor, etc. DCLG
Date of publication, distribution, etc. 2009
505 2# - FORMATTED CONTENTS NOTE
Formatted contents note Ministerial foreword -- Introduction -- Consultation draft -- Consultation stage impact assessment -- Consultation questions -- Consultation criteria
520 ## - SUMMARY, ETC.
Summary, etc. Consultation paper. Seeks views on the gathering of all of Government planning policies relating to economic development in urban and rural areas and town centres into a single consolidated document. Updates draft planning policy statement 4 "Sustainable economic development" and draft planning policy statement 6 "Town centres". Includes recommendations from the Matthew Taylor review of rural housing and economic development. Respondents to this consultation are encouraged to use the set of questions provided in Part 4 to answer.
520 ## - SUMMARY, ETC.
Summary, etc. Responses to this consultation must be received by 28 July 2009.
521 ## - TARGET AUDIENCE NOTE
Target audience note Advanced
590 ## - LOCAL NOTE (RLIN)
Local note KA NTK
650 24 - SUBJECT ADDED ENTRY--TOPICAL TERM
Topical term or geographic name entry element ENVIRONMENTAL AND LAND CONSULTANCY-PLANNING AND DEVELOPMENT
651 #4 - SUBJECT ADDED ENTRY--GEOGRAPHIC NAME
Geographic name England and Wales
Chronological subdivision 1543-
856 40 - ELECTRONIC LOCATION AND ACCESS
Uniform Resource Identifier <a href="https://www.communities.gov.uk/publications/planningandbuilding/consultationeconomicpps">https://www.communities.gov.uk/publications/planningandbuilding/consultationeconomicpps</a>
Public note View the item free of charge online at www.communities.gov.uk...
942 ## - ADDED ENTRY ELEMENTS (KOHA)
Suppress in OPAC 0
Holdings
Withdrawn status Lost status Source of classification or shelving scheme Damaged status Not for loan Home library Current library Shelving location Date acquired Total Checkouts Full call number Barcode Date last seen Copy number Price effective from Koha item type
    Dewey Decimal Classification     Virtual Virtual Online 06/05/2009   ONLINE PUBLICATION 147366-2001 06/08/2019 1 06/08/2019 Book